|
|
|
|
| LEADER |
00000nab a2200000 a 4500 |
| 001 |
vtls008876333 |
| 003 |
SK-MaSNL |
| 005 |
20260304141938.0 |
| 008 |
250505c2006 xo 0 slo |
| 015 |
|
|
|a SNBCL2005/5
|
| 035 |
|
|
|a SLK037618
|
| 035 |
|
|
|a urn:nbn:sk:snk-abyl1
|
| 035 |
|
|
|a (urnnbn)urn:nbn:sk:snk:ar-a040tw
|
| 035 |
|
|
|a (uuid)d3cd886d-d855-4fcf-82c0-c3ed6fa85b63
|
| 040 |
|
|
|a SNKBUCL
|b slo
|c SNKBUCL
|e AACR2
|
| 041 |
0 |
|
|a slo
|
| 044 |
|
|
|a xo
|c SK
|
| 080 |
|
|
|a 616-089:611.018.46
|2 1981
|
| 100 |
1 |
|
|a Stanko, Peter,
|d 1975-
|4 aut
|9 196739
|
| 245 |
1 |
0 |
|a Problém darcovstva kostnej drene je stále aktuálny
|c Peter Stanko
|
| 300 |
|
|
|b Obr.
|
| 650 |
0 |
7 |
|a darcovia orgánov a tkanív
|2 MESH
|9 230560
|
| 650 |
0 |
7 |
|a proces získavania tkanív a orgánov
|2 MESH
|9 1460731
|
| 650 |
0 |
7 |
|a odbery orgánov a tkanív
|2 MESH
|9 230558
|
| 650 |
0 |
7 |
|a dreň kostná
|2 MESH
|9 941832
|
| 773 |
0 |
|
|t Lekárnické listy
|g Roč. 8, č. 1 (2006), s. 29
|x 1335-5821
|
| 850 |
|
|
|a Slovenská národná knižnica
|
| 852 |
|
|
|a Slovenská národná knižnica
|
| 954 |
|
|
|a odborná, vedecká literatúra pôvodná (slovenská)
|2 lita
|
| 958 |
|
|
|a article27
|
| 958 |
|
|
|a OND
|
| 958 |
|
|
|a EUIPO
|
| 999 |
|
|
|c 2920013
|d 2921943
|